Music Quiz

Random Music or Song Quiz

Coldplay Songs Quiz Stats

 Plays Quiz Updated Jun 20, 2019

Score 0/77 Timer 11:00
4 Plays Today
% Correct
Viva la Vida
92.6%
Yellow
88.3%
Clocks
81.3%
The Scientist
77.3%
Fix You
74.4%
X&Y
73.5%
Parachutes
72.3%
A Rush of Blood to the Head
71.3%
A Head Full of Dreams
69.3%
A Sky Full Of Stars
68.4%
Speed of Sound
65.8%
Magic
65.6%
Violet Hill
63%
Adventure of a Lifetime
60.8%
O
60.6%
Death and All His Friends
60.1%
Hymn for the Weekend
59.1%
Strawberry Swing
56.2%
Lost!
56.2%
Up&Up
56%
Trouble
55.4%
Green Eyes
54.7%
Lovers in Japan / Reign of Love
54.5%
In My Place
54.3%
Shiver
54.3%
Life in Technicolor
53.7%
Talk
53.7%
Politik
52.9%
Birds
52.7%
Ink
52.5%
Midnight
51.8%
Don't Panic
51.5%
Everglow
50.9%
Amsterdam
50.7%
Spies
49.8%
Sparks
49.1%
God Put a Smile Upon Your Face
48%
True Love
47.7%
42
47.6%
% Correct
Paradise
46.9%
Oceans
45.5%
Cemeteries of London
44.7%
Fun
44.7%
Always In My Head
44.4%
Mylo Xyloto
44%
Yes
42.3%
The Hardest Part
41.6%
Another's Arms
41.6%
Square One
41.5%
Warning Sign
41.2%
Everything's Not Lost
40.9%
Charlie Brown
40.5%
Amazing Day
40.5%
Army of One
40.4%
Kaleidoscope
40.4%
Swallowed in the Sea
40.2%
White Shadows
39.9%
What If
38%
A Message
37.6%
Princess of China
36.8%
Every Teardrop Is A Waterfall
36.7%
High Speed
35.4%
A Whisper
35.1%
We Never Change
34.9%
Hurts Like Heaven
34.6%
Daylight
34.4%
Color Spectrum
33.7%
Low
33.4%
Twisted Logic
32.3%
Us Against The World
27%
Up With The Birds
26.6%
Up In Flames
25.5%
Major Minus
25.1%
M.M.I.X.
24.8%
U.F.O.
23.9%
Don't Let It Break Your Heart
22%
A Hopeful Transmission
21%

You're not logged in!

Compare scores with friends on all Sporcle quizzes.
OR
Log In

Sporcle TV

Today on Sporcle TV


Watch our educational content, quiz creation guides, and fun videos on Sporcle TV.

Show Comments

Extras

Top Quizzes Today


Score Distribution

Your Account Isn't Verified!

In order to create a playlist on Sporcle, you need to verify the email address you used during registration. Go to your Sporcle Settings to finish the process.

Report this User

Report this user for behavior that violates our Community Guidelines.

Details: